[Event "Titled Tue 26th Aug Early"]
[Site "chess.com INT"]
[Date "2025.08.26"]
[Round "3"]
[White "Iunusov, Nuriddin"]
[Black "Loftgaard, Mikkel Vinh"]
[Result "0-1"]
[WhiteTitle "CM"]
[BlackTitle "FM"]
[WhiteElo "2007"]
[BlackElo "2281"]
[WhiteFideId "13803026"]
[BlackFideId "1468480"]
[EventDate "2025.08.26"]

1. e4 c5 2. c3 d5 3. exd5 Qxd5 4. d4 Nc6 5. Nf3 Bg4 6. Be2 cxd4 7. cxd4 e6 8.
O-O Nf6 9. Nc3 Qa5 10. h3 Bh5 11. Qb3 Qb6 12. Nb5 Be7 13. Bf4 Nd5 14. Bg3 O-O
15. Rfd1 Rac8 16. Nd6 Bxd6 17. Bxd6 Rfd8 18. Bg3 Qxb3 19. axb3 a6 20. Rac1 Na5
21. Rxc8 Rxc8 22. Rd3 Bg6 23. Rd1 Nxb3 24. Ne5 Bc2 25. Re1 Nxd4 26. Bc4 Bb3 27.
Bd3 b5 28. Nd7 Nb4 29. Be4 Bd5 30. Bb1 Rd8 31. Nc5 Nb3 32. Be5 Nxc5 0-1

[Event "Titled Tue 26th Aug Early"]
[Site "chess.com INT"]
[Date "2025.08.26"]
[Round "3"]
[White "Khumalo, Keith"]
[Black "Brancaleoni, Maurizio"]
[Result "1-0"]
[WhiteTitle "CM"]
[BlackTitle "FM"]
[WhiteElo "2167"]
[BlackElo "2185"]
[WhiteFideId "14319470"]
[BlackFideId "803022"]
[EventDate "2025.08.26"]

1. d4 Nf6 2. c4 b6 3. d5 e6 4. a3 g6 5. Nc3 Bg7 6. e4 d6 7. Bd3 O-O 8. Nge2 Bb7
9. O-O Nbd7 10. f3 Ne5 11. Bg5 h6 12. Bh4 g5 13. Bf2 c6 14. dxe6 fxe6 15. Nd4
Qe7 16. Re1 Rad8 17. Bf1 c5 18. Nc2 Nc6 19. b4 e5 20. Ne3 Nd4 21. Ncd5 Nxd5 22.
cxd5 Kh8 23. bxc5 dxc5 24. a4 Rc8 25. Bb5 Rc7 26. Bf1 Rd8 27. Nc4 Ba6 28. d6
Rxd6 29. Nxd6 Bxf1 30. Bxd4 Qxd6 31. Bc3 Bd3 32. Qb3 c4 33. Qb2 Bf6 34. Kh1 Rg7
35. a5 g4 36. f4 Re7 37. axb6 axb6 38. Ra6 Kg7 39. Rxb6 Qc7 40. Rxf6 Kxf6 41.
fxe5+ Rxe5 42. Ra1 Qd6 43. Bxe5+ Qxe5 44. Ra6+ 1-0

[Event "Titled Tue 26th Aug Early"]
[Site "chess.com INT"]
[Date "2025.08.26"]
[Round "3"]
[White "Buchenau, Frank"]
[Black "Reprintsev, Alexander"]
[Result "0-1"]
[WhiteTitle "FM"]
[BlackTitle "IM"]
[WhiteElo "2205"]
[BlackElo "2256"]
[WhiteFideId "4604350"]
[BlackFideId "14100541"]
[EventDate "2025.08.26"]

1. e4 d5 2. exd5 Qxd5 3. Nc3 Qa5 4. d4 Nf6 5. Nf3 Nc6 6. Bd2 a6 7. Bc4 Qh5 8. h3
Bg4 9. Be2 Bxf3 10. Bxf3 Qf5 11. Be3 Nb4 12. O-O O-O-O 13. Rc1 e6 14. a3 Nbd5
15. Nxd5 Nxd5 16. c4 Nxe3 17. fxe3 Qg5 18. Qb3 c6 19. d5 Bc5 20. dxc6 Qxe3+ 21.
Qxe3 Bxe3+ 22. Kh1 Bxc1 23. cxb7+ Kc7 24. Rxc1 Rd3 25. b4 Rxa3 26. Rb1 Rxf3 27.
gxf3 Kxb7 28. Kg2 Rd8 29. Rb2 Rd4 30. c5 Kc6 31. Kf2 Rh4 32. Kg3 g5 33. Ra2 Rxb4
34. Rxa6+ Kxc5 35. Ra7 Rf4 36. h4 h6 37. hxg5 hxg5 38. Ra8 Kd6 39. Rg8 f6 40.
Rg7 Ke5 41. Rg8 Kf5 42. Rg7 Ra4 43. Rg8 e5 44. Rb8 g4 45. fxg4+ Rxg4+ 46. Kf3
Ra4 47. Rb3 Kg5 0-1

[Event "Titled Tue 26th Aug Early"]
[Site "chess.com INT"]
[Date "2025.08.26"]
[Round "3"]
[White "Fuentes Godoy, Lilia Ivonne"]
[Black "Goldin, Roman"]
[Result "0-1"]
[WhiteTitle "WIM"]
[BlackTitle "FM"]
[WhiteElo "2130"]
[BlackElo "2284"]
[WhiteFideId "5104130"]
[BlackFideId "2803860"]
[EventDate "2025.08.26"]

1. d4 Nf6 2. c4 Nc6 3. Nf3 d6 4. g3 e5 5. d5 Nb8 6. Bg2 g6 7. Nc3 Bg7 8. e4 O-O
9. O-O a5 10. Ne1 Na6 11. Nd3 b6 12. f4 exf4 13. gxf4 Nc5 14. h3 Re8 15. Nxc5
bxc5 16. Re1 Nh5 17. Qf3 Qh4 18. Be3 a4 19. Ne2 Bxb2 20. Rab1 a3 21. Bf2 Qf6 22.
Ng3 Nxf4 23. Kh1 Nxh3 24. Qxf6 Bxf6 25. Bxh3 Bxh3 26. Kh2 Bc8 27. Kg2 Bb2 28.
Rh1 Ra4 29. Rh2 Rxc4 30. Rbh1 h5 31. Nxh5 gxh5 32. Rxh5 Rexe4 33. Rh8+ Bxh8 0-1

[Event "Titled Tue 26th Aug Early"]
[Site "chess.com INT"]
[Date "2025.08.26"]
[Round "3"]
[White "Venkatesh, Narayan"]
[Black "Altun, Arda"]
[Result "0-1"]
[WhiteTitle "FM"]
[BlackTitle "FM"]
[WhiteElo "2218"]
[BlackElo "2104"]
[WhiteFideId "30987881"]
[BlackFideId "34511580"]
[EventDate "2025.08.26"]

1. h4 d5 2. Nf3 h5 3. g3 Nf6 4. Bg2 g6 5. c4 c6 6. Nc3 Bg7 7. d4 O-O 8. cxd5
cxd5 9. Bg5 Nc6 10. Ne5 Bf5 11. O-O Ne4 12. Nxc6 bxc6 13. Nxe4 Bxe4 14. Bxe4
dxe4 15. e3 Rb8 16. Qc2 f6 17. Bf4 Rb6 18. Rac1 Qd5 19. b3 g5 20. hxg5 fxg5 21.
Bc7 Ra6 22. Qc5 Rxa2 23. Qxd5+ cxd5 24. Rc5 e6 25. Bd6 Rf7 26. Rc8+ Kh7 27. Re8
Rf6 28. Be5 Rg6 29. Re7 Kh6 30. Bxg7+ Rxg7 31. Rxe6+ Rg6 32. Re5 Rd6 33. Rc1 Rf6
34. Rxd5 Raxf2 35. Re5 R2f3 36. Rxe4 Rxg3+ 37. Kh2 h4 38. Re7 Kh5 39. d5 Rf2+
40. Kh1 Kg4 41. Rg1 Rd2 42. e4 Kh3 43. Rxg3+ Kxg3 0-1

[Event "Titled Tue 26th Aug Early"]
[Site "chess.com INT"]
[Date "2025.08.26"]
[Round "3"]
[White "Yeganegi, Barad"]
[Black "Zozek Salah Mohammed"]
[Result "1-0"]
[WhiteTitle "FM"]
[BlackTitle "FM"]
[WhiteElo "2400"]
[BlackElo "2205"]
[WhiteFideId "42516340"]
[BlackFideId "4803361"]
[EventDate "2025.08.26"]

1. c4 c6 2. Nf3 d5 3. b3 Nf6 4. Bb2 e6 5. e3 Nbd7 6. Bd3 Bd6 7. O-O O-O 8. Bc2
b6 9. d4 Bb7 10. Nc3 Rc8 11. e4 dxe4 12. Nxe4 Nxe4 13. Bxe4 Nf6 14. Bc2 c5 15.
Qd3 Be4 16. Qe2 Bxc2 17. Qxc2 cxd4 18. Nxd4 Qc7 19. h3 a6 20. Rad1 Rfd8 21. Nf3
Be7 22. Ng5 h6 23. Bxf6 Bxf6 24. Qh7+ Kf8 25. Ne4 Qe5 26. f4 Qb2 27. f5 exf5 28.
Qxf5 Qe5 29. Nxf6 gxf6 30. Rxd8+ Rxd8 31. Qxf6 Qxf6 32. Rxf6 Rd1+ 33. Kh2 Rd2
34. Rxh6 Rxa2 35. Rxb6 Kg7 36. b4 Rc2 37. c5 Rb2 38. c6 Rb3 39. h4 f6 40. h5 Kh6
41. g4 Kg5 42. Kg2 Kxg4 43. h6 Rh3 44. c7 Rxh6 45. c8=Q+ 1-0

[Event "Titled Tue 26th Aug Early"]
[Site "chess.com INT"]
[Date "2025.08.26"]
[Round "3"]
[White "Aalto, Patrik"]
[Black "Samunenkov, Ihor"]
[Result "0-1"]
[WhiteTitle "FM"]
[BlackTitle "GM"]
[WhiteElo "2335"]
[BlackElo "2548"]
[WhiteFideId "510726"]
[BlackFideId "14187086"]
[EventDate "2025.08.26"]

1. c4 e6 2. g3 d5 3. Bg2 Nf6 4. Nf3 Be7 5. O-O O-O 6. b3 d4 7. e3 c5 8. Ne5 Qc7
9. f4 Nbd7 10. Nd3 e5 11. Na3 a6 12. Nc2 Rd8 13. fxe5 Nxe5 14. Nxe5 Qxe5 15.
exd4 cxd4 16. d3 Bg4 17. Qe1 Qxe1 18. Rxe1 Rd7 19. Bb2 Bf5 20. Rad1 Kf8 21. b4
Rad8 22. a3 h5 23. Rf1 g6 24. Ne1 Ng4 25. Rd2 Bg5 26. Re2 Be3+ 27. Kh1 Re8 28.
Bf3 Ne5 29. Ng2 Nxf3 30. Rxf3 Bg4 31. Nxe3 Bxf3+ 0-1

[Event "Titled Tue 26th Aug Early"]
[Site "chess.com INT"]
[Date "2025.08.26"]
[Round "3"]
[White "Estrada Nieto, Julian"]
[Black "Kona, Vidip"]
[Result "1-0"]
[WhiteTitle "IM"]
[WhiteElo "2182"]
[BlackElo "2145"]
[WhiteFideId "5101018"]
[BlackFideId "30990440"]
[EventDate "2025.08.26"]

1. e4 c6 2. d4 d5 3. Nc3 dxe4 4. Nxe4 Nf6 5. Nxf6+ exf6 6. c3 Bd6 7. Bd3 O-O 8.
Ne2 Re8 9. Qc2 h5 10. O-O Nd7 11. Bd2 Nf8 12. c4 h4 13. h3 Be6 14. Rad1 Qd7 15.
f4 g6 16. Nc3 Bc7 17. Ne4 Qxd4+ 18. Kh1 Bf5 19. Bc3 Qxe4 20. Bxe4 Bxe4 21. Qf2
Nh7 22. Qxh4 Rad8 23. Bxf6 Rxd1 24. Rxd1 Bf5 25. Be5 Bb6 26. b4 Be3 27. Rd8 Rf8
28. Qh6 1-0

[Event "Titled Tue 26th Aug Early"]
[Site "chess.com INT"]
[Date "2025.08.26"]
[Round "3"]
[White "Newansa, M Esandi"]
[Black "Owen, Garth I"]
[Result "1-0"]
[WhiteTitle "WFM"]
[BlackTitle "CM"]
[WhiteElo "1951"]
[BlackElo "1807"]
[WhiteFideId "9999060"]
[BlackFideId "10700382"]
[EventDate "2025.08.26"]

1. d4 Nf6 2. Bf4 g6 3. e3 Bg7 4. Nf3 d6 5. c4 O-O 6. Nc3 h6 7. h3 e6 8. Be2 b6
9. O-O Bb7 10. Nd2 a5 11. Bf3 Bxf3 12. Qxf3 c6 13. Nde4 d5 14. Nxf6+ Qxf6 15.
cxd5 exd5 16. Qg3 Nd7 17. Rac1 Rac8 18. Rfd1 Rfe8 19. h4 b5 20. Rc2 Nf8 21. Rdc1
Ne6 22. Nxd5 Qf5 23. Nb6 Nxf4 24. Nxc8 Nh5 25. Qf3 Qxf3 26. gxf3 Rxc8 27. Rxc6
Rb8 28. Rc8+ Rxc8 29. Rxc8+ Bf8 30. Rb8 b4 31. e4 Nf4 32. d5 Ne2+ 33. Kg2 Nd4
34. d6 Kg7 35. d7 Be7 36. d8=Q Bxd8 37. Rxd8 Kf6 38. Rxd4 1-0

[Event "Titled Tue 26th Aug Early"]
[Site "chess.com INT"]
[Date "2025.08.26"]
[Round "3"]
[White "Nepomniachtchi, Ian"]
[Black "Adewumi, Tanitoluwa"]
[Result "1-0"]
[WhiteTitle "GM"]
[BlackTitle "IM"]
[WhiteElo "2742"]
[BlackElo "2421"]
[WhiteFideId "4168119"]
[BlackFideId "30966396"]
[EventDate "2025.08.26"]

1. d4 Nf6 2. c4 g6 3. h4 Bg7 4. Nc3 d6 5. e4 Na6 6. Be2 e5 7. dxe5 dxe5 8. Qxd8+
Kxd8 9. Nf3 Nd7 10. h5 c6 11. Be3 Nc7 12. Ng5 Ke7 13. O-O-O h6 14. Nf3 g5 15.
Nd2 Ne6 16. Nb3 b6 17. Rd2 Ba6 18. Rhd1 Rhd8 19. c5 Bxe2 20. Nxe2 bxc5 21. Ng3
Nd4 22. Nf5+ Kf8 23. Na5 Rac8 24. Nb7 Nb6 25. Nxd8 Rxd8 26. b3 a5 27. Rc2 c4 28.
bxc4 c5 29. Bxd4 exd4 30. Rb2 Nxc4 31. Rc2 Na3 32. Rxc5 d3 33. Rxd3 1-0

[Event "Titled Tue 26th Aug Early"]
[Site "chess.com INT"]
[Date "2025.08.26"]
[Round "3"]
[White "Sharipov, Davron"]
[Black "Shandrygin, Nikita"]
[Result "0-1"]
[WhiteTitle "FM"]
[BlackTitle "FM"]
[WhiteElo "2333"]
[BlackElo "2209"]
[WhiteFideId "14212358"]
[BlackFideId "24198668"]
[EventDate "2025.08.26"]

1. d4 d5 2. c4 Nc6 3. cxd5 Qxd5 4. Nf3 e5 5. Nc3 Bb4 6. e3 Bg4 7. Bd2 Bxc3 8.
bxc3 e4 9. c4 Qd6 10. h3 Qh6 11. Qb1 exf3 12. Qe4+ Be6 13. d5 fxg2 14. Bxg2 Nf6
15. Qb1 Qg5 16. Kf1 Nxd5 17. cxd5 Bxd5 18. Rg1 Bxg2+ 19. Rxg2 Qd5 20. Bc3 Qc4+
21. Kg1 Qxc3 22. Qe4+ Qe5 23. Qxe5+ Nxe5 24. Rxg7 Ng6 25. h4 Kf8 26. h5 Kxg7 27.
hxg6 hxg6 28. Rb1 b6 29. Rb3 c5 30. Kg2 c4 31. Rc3 b5 32. a3 a5 33. a4 Rab8 34.
axb5 Rhc8 35. b6 Rxb6 36. e4 Rb3 37. Rc2 c3 38. f3 Rb2 39. Rxb2 cxb2 40. Kg3
b1=Q 0-1

[Event "Titled Tue 26th Aug Early"]
[Site "chess.com INT"]
[Date "2025.08.26"]
[Round "3"]
[White "Mohylnyi, Stepan"]
[Black "Mueller, Riyanna"]
[Result "1-0"]
[WhiteTitle "FM"]
[BlackTitle "WFM"]
[WhiteElo "2275"]
[BlackElo "2079"]
[WhiteFideId "34127836"]
[BlackFideId "16287401"]
[EventDate "2025.08.26"]

1. e4 d5 2. exd5 Qxd5 3. Nc3 Qd6 4. Nf3 Nf6 5. d4 a6 6. g3 Bg4 7. Bg2 c6 8. Bf4
Qd8 9. h3 Bxf3 10. Bxf3 e6 11. a3 Bd6 12. Qd2 Bxf4 13. Qxf4 Nbd7 14. O-O-O Nb6
15. Rhe1 O-O 16. h4 Nbd5 17. Nxd5 cxd5 18. h5 h6 19. g4 Nd7 20. Be2 Qg5 21. Qxg5
hxg5 22. Bd3 b5 23. Rf1 Rfe8 24. f4 gxf4 25. Rxf4 e5 26. dxe5 Nxe5 27. Bf1 Rad8
28. Bg2 Rd6 29. Rxd5 Rxd5 30. Bxd5 Re7 31. g5 Kh7 32. Bxf7 Nxf7 33. Rxf7 Rxf7
34. g6+ Kg8 35. gxf7+ Kxf7 36. b3 Kf6 37. c4 bxc4 38. bxc4 Kg5 39. Kd2 Kxh5 40.
c5 g5 41. c6 g4 42. c7 1-0

[Event "Titled Tue 26th Aug Early"]
[Site "chess.com INT"]
[Date "2025.08.26"]
[Round "3"]
[White "Mohmad Bashiq Imrose"]
[Black "Kuznetsov, Felix"]
[Result "1-0"]
[WhiteTitle "CM"]
[BlackTitle "FM"]
[WhiteElo "2120"]
[BlackElo "2171"]
[WhiteFideId "25654489"]
[BlackFideId "34147990"]
[EventDate "2025.08.26"]

1. d4 Nf6 2. c4 e6 3. Nf3 b6 4. Nc3 Bb4 5. Bd2 Bb7 6. g3 O-O 7. Bg2 d6 8. a3
Bxc3 9. Bxc3 Nbd7 10. O-O Qe7 11. Qc2 e5 12. d5 a5 13. b4 axb4 14. axb4 b5 15.
Nd2 bxc4 16. e4 Nb6 17. b5 Nfd7 18. Ba5 f5 19. Nxc4 f4 20. Bh3 Nxc4 21. Qxc4 Nc5
22. Bb4 Rxa1 23. Rxa1 fxg3 24. hxg3 h5 25. Bxc5 h4 26. Be6+ Kh8 27. Qe2 Qg5 28.
Be3 Qg6 29. Bf5 Qf7 30. Qg4 g6 31. Qxh4+ Kg7 32. Qh6+ Kf6 33. Bg5# 1-0

[Event "Titled Tue 26th Aug Early"]
[Site "chess.com INT"]
[Date "2025.08.26"]
[Round "3"]
[White "Mikhailovsky, Vladimir"]
[Black "Gubajdullin, Alexei"]
[Result "0-1"]
[WhiteTitle "CM"]
[BlackTitle "FM"]
[WhiteElo "2215"]
[BlackElo "2228"]
[WhiteFideId "34105414"]
[BlackFideId "4141202"]
[EventDate "2025.08.26"]

1. e4 c5 2. Nf3 d6 3. d4 cxd4 4. Nxd4 Nf6 5. Nc3 g6 6. Be3 Bg7 7. f3 a6 8. Bc4
h5 9. Qd2 b5 10. Bb3 Bb7 11. O-O-O Nbd7 12. g3 Rc8 13. h3 Nb6 14. e5 dxe5 15.
Ndxb5 Qxd2+ 16. Rxd2 axb5 17. Bxb6 Bxf3 18. Rf1 Bc6 19. Rdd1 O-O 20. Nd5 Nxd5
21. Bxd5 e6 22. Bxc6 Rxc6 23. Be3 Rfc8 24. Rf2 e4 25. Rd7 f5 26. Rb7 Be5 27. Rg2
Rb8 28. Ra7 b4 29. Kd1 Bxb2 30. Rd2 Bf6 31. Rdd7 Rd8 0-1

[Event "Titled Tue 26th Aug Early"]
[Site "chess.com INT"]
[Date "2025.08.26"]
[Round "3"]
[White "Lisenkov, Svyatoslav"]
[Black "Sahbudak, Baris Cinar"]
[Result "1-0"]
[WhiteTitle "FM"]
[BlackTitle "CM"]
[WhiteElo "2343"]
[BlackElo "2182"]
[WhiteFideId "34264183"]
[BlackFideId "26351633"]
[EventDate "2025.08.26"]

1. e4 c5 2. Nf3 d6 3. Bb5+ Bd7 4. Be2 Nf6 5. Nc3 g6 6. e5 dxe5 7. Nxe5 Nc6 8.
Nxd7 Qxd7 9. O-O Bg7 10. d3 O-O 11. a4 Rad8 12. Re1 Nd4 13. Bf1 e6 14. Be3 b6
15. g3 Nd5 16. Nxd5 exd5 17. Bg2 Ne6 18. Bc1 Rfe8 19. c3 h6 20. h4 Kh7 21. h5 d4
22. c4 Ng5 23. hxg6+ fxg6 24. Bxg5 hxg5 25. Be4 Qh3 26. Qf3 Rf8 27. Qg2 Qxg2+
28. Kxg2 Bf6 29. Bd5 Rfe8 30. a5 Rxe1 31. Rxe1 Rb8 32. a6 Kg7 33. Re6 Rd8 34.
Rc6 Rd7 35. Rc8 Re7 36. Rg8+ Kh7 37. Ra8 Kg7 38. Bb7 Be5 39. Rxa7 b5 40. b3 bxc4
41. bxc4 Bc7 42. Bd5 Kf6 43. Rb7 Bd6 44. a7 1-0

[Event "Titled Tue 26th Aug Early"]
[Site "chess.com INT"]
[Date "2025.08.26"]
[Round "3"]
[White "Herbrig, Alexander"]
[Black "Willim, Michael"]
[Result "1-0"]
[WhiteTitle "FM"]
[BlackTitle "CM"]
[WhiteElo "2292"]
[BlackElo "2023"]
[WhiteFideId "12952044"]
[BlackFideId "4632435"]
[EventDate "2025.08.26"]

1. d4 d5 2. Nf3 Nf6 3. Bf4 c5 4. e3 Nc6 5. Nbd2 Bg4 6. c3 e6 7. Bd3 Bd6 8. Bg5
Be7 9. a4 O-O 10. O-O h6 11. Bh4 Rc8 12. Qe2 Re8 13. h3 Bxf3 14. Nxf3 Ne4 15.
Bxe7 Qxe7 16. Bxe4 dxe4 17. Nd2 f5 18. Qb5 cxd4 19. cxd4 Qb4 20. Nc4 Rcd8 21.
Rfc1 a6 22. Qxb4 Nxb4 23. Na5 Rd7 24. Rc4 Nd5 25. Rac1 Kf7 26. g4 g6 27. Rc8
Rdd8 28. Nxb7 Rd7 29. Rxe8 Kxe8 30. Nc5 Rc7 31. Rb1 Rc6 32. b4 Ke7 33. b5 Rb6
34. Nxa6 Nc3 35. Rb4 Nd5 36. Rb3 Kd6 37. Nc5 e5 38. a5 Rb8 39. a6 exd4 40. exd4
Nb6 41. Nb7+ Kd5 42. Na5 Kxd4 43. Nc6+ 1-0

[Event "Titled Tue 26th Aug Early"]
[Site "chess.com INT"]
[Date "2025.08.26"]
[Round "3"]
[White "Drozdowski, Kacper"]
[Black "Novosel, Lovro"]
[Result "1-0"]
[WhiteTitle "IM"]
[BlackTitle "FM"]
[WhiteElo "2450"]
[BlackElo "2347"]
[WhiteFideId "1136720"]
[BlackFideId "14547120"]
[EventDate "2025.08.26"]

1. e4 c5 2. Nf3 d6 3. d4 cxd4 4. Nxd4 Nf6 5. f3 e5 6. Nb3 Be6 7. c4 Nbd7 8. Be3
a5 9. Nc3 Be7 10. Be2 O-O 11. O-O a4 12. Nd2 Qa5 13. Nd5 Bxd5 14. cxd5 Rfc8 15.
Rc1 b5 16. Nb1 Bd8 17. Kh1 h6 18. Qd2 b4 19. Rc6 Bb6 20. Bxb6 Nxb6 21. Rfc1 Rd8
22. a3 Nbxd5 23. exd5 Nxd5 24. axb4 Nxb4 25. R6c4 Na2 26. Qxa5 Rxa5 27. Rd1 d5
28. h4 Rb8 29. Rc2 d4 30. Bc4 Nb4 31. Re2 Nc6 32. Rc1 Kf8 33. Na3 Rb6 34. Bd3 1-0

[Event "Titled Tue 26th Aug Early"]
[Site "chess.com INT"]
[Date "2025.08.26"]
[Round "3"]
[White "Rahman, Masruri"]
[Black "Livaic, Leon"]
[Result "0-1"]
[WhiteTitle "IM"]
[BlackTitle "GM"]
[WhiteElo "2407"]
[BlackElo "2550"]
[WhiteFideId "7101163"]
[BlackFideId "14531534"]
[EventDate "2025.08.26"]

1. d4 d6 2. e4 Nf6 3. Nc3 e5 4. Nf3 Nbd7 5. Bc4 Be7 6. O-O O-O 7. a4 exd4 8.
Nxd4 Ne5 9. Ba2 Nc6 10. Re1 Nb4 11. Bb3 c5 12. Nde2 Be6 13. Bxe6 fxe6 14. Nf4
Qd7 15. e5 dxe5 16. Qxd7 Nxd7 17. Nxe6 Nxc2 18. Nxf8 Kxf8 19. Be3 Nf6 20. Rac1
Nxe1 21. Rxe1 Rd8 22. Bg5 h6 23. Bh4 Rd2 24. h3 Rxb2 25. Rxe5 Rc2 26. Re3 c4 27.
Rf3 Ke8 28. Bg3 a6 29. Be5 Kd7 30. g4 Kc6 31. Bd4 b5 32. axb5+ axb5 33. Re3 Bc5
34. Bxc5 Kxc5 35. Rf3 Rxc3 36. Rxc3 b4 37. Rc1 b3 38. Kf1 b2 39. Rb1 c3 0-1

[Event "Titled Tue 26th Aug Early"]
[Site "chess.com INT"]
[Date "2025.08.26"]
[Round "3"]
[White "Koridze, Lile"]
[Black "Logozar, Elijah"]
[Result "1-0"]
[WhiteTitle "WFM"]
[WhiteElo "2110"]
[BlackElo "1928"]
[WhiteFideId "13612514"]
[BlackFideId "30963788"]
[EventDate "2025.08.26"]

1. d4 Nf6 2. c4 e5 3. dxe5 Ne4 4. Qc2 Bb4+ 5. Nd2 d5 6. exd6 Bf5 7. dxc7 Qxc7 8.
Qb3 Nc6 9. Nf3 O-O-O 10. e3 g5 11. h3 h5 12. a3 Ba5 13. Qb5 Bg6 14. b4 Nc3 15.
Qxg5 Bxb4 16. Be2 Nxe2 17. axb4 Nxb4 18. Kxe2 Bd3+ 19. Kd1 Bc2+ 20. Ke2 Bd3+ 21.
Kd1 Bxc4 22. Qf5+ Kb8 23. Qe5 Bb3+ 24. Ke2 Qxe5 25. Nxe5 Be6 26. Rb1 Nd5 27.
Nc6+ Kc7 28. Nxd8 Nc3+ 29. Ke1 Rxd8 30. Ra1 a6 31. f3 h4 32. Bb2 Nd5 33. Bd4 Nb4
34. Ke2 Kb8 35. Rhc1 Bd7 36. Kf1 Bb5+ 37. Kg1 Nc6 38. Nb3 f5 39. Bb6 Rg8 40. Nd4
Ne5 41. Bc7+ Ka8 42. Bxe5 1-0

[Event "Titled Tue 26th Aug Early"]
[Site "chess.com INT"]
[Date "2025.08.26"]
[Round "3"]
[White "Wen, Gehua"]
[Black "Berikkyzy Alanna"]
[Result "1-0"]
[WhiteTitle "CM"]
[BlackTitle "WFM"]
[WhiteElo "2196"]
[BlackElo "2162"]
[WhiteFideId "8603430"]
[BlackFideId "13780719"]
[EventDate "2025.08.26"]

1. d4 Nf6 2. Nf3 d5 3. Bf4 c5 4. e3 Nc6 5. c3 e6 6. Nbd2 Be7 7. Bd3 O-O 8. Ne5
h6 9. Qf3 Nd7 10. h4 Bf6 11. Qg3 Kh8 12. Ndf3 Ncxe5 13. dxe5 Be7 14. O-O-O Qa5
15. Kb1 b5 16. Bxh6 gxh6 17. Qf4 Kg7 18. Rh3 f5 19. exf6+ Bxf6 20. Rg3+ Kf7 21.
Qxh6 Ke7 22. e4 Bb7 23. e5 Nxe5 24. Nxe5 Bxe5 25. Re3 Qc7 26. Rde1 Rf6 27. Qh7+
Rf7 28. Qh5 1-0

[Event "Titled Tue 26th Aug Early"]
[Site "chess.com INT"]
[Date "2025.08.26"]
[Round "3"]
[White "Janaszak, Dawid"]
[Black "Sevig, Mert Can"]
[Result "1-0"]
[WhiteTitle "FM"]
[BlackTitle "CM"]
[WhiteElo "2306"]
[BlackElo "2143"]
[WhiteFideId "1119206"]
[BlackFideId "44546335"]
[EventDate "2025.08.26"]

1. e4 g6 2. Nc3 Bg7 3. f4 d6 4. Nf3 Nf6 5. Bc4 O-O 6. Bb3 Nc6 7. O-O e5 8. d3
Nd4 9. Nxd4 exd4 10. Ne2 c5 11. Qe1 d5 12. e5 Ne8 13. c3 dxc3 14. bxc3 Bf5 15.
d4 c4 16. Bd1 Qa5 17. a4 Nc7 18. Ba3 Rfe8 19. Bb4 Qa6 20. Ng3 Bd3 21. Rf2 f5 22.
Bc2 Bxc2 23. Rxc2 Qc6 24. Nf1 Ne6 25. Qf2 a6 26. Ne3 b5 27. Rca2 Qb7 28. Qf3 a5
29. Nxd5 Kh8 30. Bd6 b4 31. Rb1 b3 32. Rd2 Bf8 33. Bxf8 Rxf8 34. Kf2 Rfd8 35.
Ne3 Qd7 36. Nxc4 Qxa4 37. Nb6 Qe8 38. Nxa8 Rxa8 39. Rxb3 a4 40. Rb7 a3 41. Re7
Qc8 42. Qh3 Nf8 43. Qh6 1-0

[Event "Titled Tue 26th Aug Early"]
[Site "chess.com INT"]
[Date "2025.08.26"]
[Round "3"]
[White "Yeung, Jason"]
[Black "Tran Le Vy"]
[Result "1-0"]
[WhiteTitle "FM"]
[BlackTitle "WFM"]
[WhiteElo "2158"]
[BlackElo "1973"]
[WhiteFideId "8203970"]
[BlackFideId "12423599"]
[EventDate "2025.08.26"]

1. e4 e5 2. Nf3 Nc6 3. Bb5 a6 4. Ba4 Nf6 5. d3 b5 6. Bb3 Be7 7. a4 Rb8 8. axb5
axb5 9. O-O O-O 10. Re1 d6 11. Nbd2 Bg4 12. h3 Bh5 13. c3 h6 14. Nf1 Qd7 15. Ng3
Bg6 16. Nh4 Kh7 17. Be3 Ra8 18. Qf3 Na5 19. Bc2 Rfb8 20. b4 Nb7 21. Ngf5 c5 22.
d4 cxd4 23. cxd4 Rc8 24. Bd3 Rxa1 25. Rxa1 exd4 26. Bxd4 Nd8 27. Ra7 Qc6 28.
Nxe7 Qc1+ 29. Kh2 Ne6 30. Bxf6 gxf6 31. Nxc8 Qxc8 32. Qxf6 Qb8 33. Rxf7+ Bxf7
34. Qxf7+ Ng7 35. e5+ Kh8 36. Ng6+ Kh7 37. Nf8+ Kh8 38. Qg6 Kg8 39. Ne6 Qb7 40.
Qh7+ Kf7 41. Qxg7+ Kxe6 42. Qf6+ Kd7 43. Qxd6+ Kc8 44. Bf5+ Qd7 45. Bxd7+ Kb7
46. Qc6+ Ka7 47. Qc7+ Ka6 48. Bc8# 1-0

[Event "Titled Tue 26th Aug Early"]
[Site "chess.com INT"]
[Date "2025.08.26"]
[Round "3"]
[White "Tifferet, Shakked"]
[Black "Tsvetkov, Andrey"]
[Result "0-1"]
[WhiteTitle "FM"]
[BlackTitle "IM"]
[WhiteElo "2322"]
[BlackElo "2403"]
[WhiteFideId "2811529"]
[BlackFideId "34139360"]
[EventDate "2025.08.26"]

1. d4 Nf6 2. c4 e6 3. Nf3 d5 4. g3 dxc4 5. Qa4+ Nbd7 6. Bg2 a6 7. Qxc4 b5 8. Qc2
Bb7 9. O-O c5 10. a4 Rc8 11. axb5 axb5 12. dxc5 Bxc5 13. Qb3 Bd5 14. Qxb5 Bc4
15. Qa4 Bxe2 16. Re1 Bxf3 17. Bxf3 Qb6 18. Qc2 O-O 19. Nc3 Bd4 20. Qe2 Ne5 21.
Be3 Bxe3 22. Qxe3 Qxe3 23. Rxe3 Nc4 24. Re2 Nxb2 25. Rxb2 Rxc3 26. Kg2 g5 27. h3
Kg7 28. Ra5 Kg6 29. Ra8 Rxa8 30. Bxa8 h5 31. Bf3 Nd7 32. Be4+ f5 33. Bb7 Nc5 34.
Bf3 Nd3 35. Re2 e5 36. Bd5 Rc1 37. g4 Nf4+ 38. Kf3 Rc3+ 39. Re3 Rxe3+ 40. fxe3
Nxd5 41. gxf5+ Kxf5 42. e4+ Ke6 43. exd5+ Kxd5 44. h4 gxh4 0-1

[Event "Titled Tue 26th Aug Early"]
[Site "chess.com INT"]
[Date "2025.08.26"]
[Round "3"]
[White "Arya G Mallar"]
[Black "Gunawardhana, Devindya Oshini"]
[Result "0-1"]
[WhiteTitle "WCM"]
[BlackTitle "WIM"]
[WhiteElo "2112"]
[BlackElo "2101"]
[WhiteFideId "25115324"]
[BlackFideId "29941482"]
[EventDate "2025.08.26"]

1. c4 e5 2. Nc3 Nf6 3. g3 Bb4 4. Bg2 Nc6 5. e3 O-O 6. Nge2 Re8 7. d3 d5 8. cxd5
Nxd5 9. O-O Nxc3 10. bxc3 Bf8 11. d4 Qe7 12. Rb1 Qf6 13. Qa4 a6 14. d5 b5 15.
Rxb5 axb5 16. Qxa8 Bd7 17. Qb7 Nb8 18. Qxc7 Bd6 19. Qa5 Rc8 20. Bb2 h6 21. Rc1
Rc4 22. Bf1 Ra4 23. Qb6 Rxa2 24. Rb1 Bf5 25. Ra1 Rxb2 26. Ra8 Kh7 27. Rxb8 Bxb8
28. Qxb8 Bd3 29. Nc1 Qxf2+ 30. Kh1 Qxh2# 0-1